00653nam a22002057a 450000500170000001000130001702000220003003500130005203700160006504000120008108200160009310000240010924500880013326000530022127000500027430000310032450000510035565000200040665000210042620170124110234.0 aA-895509 c00.00a8170248647 aA-895509 bCen Lib/Ret aDPLbEN a792.62bTHI aThielemann, Selina  aRāsalīlā :cby Selina Thielemannba musical study of religious drama in Vraja aNew DelhibA. P. H. Publishing Corporationc1998 bNew Delhia5, Ansari Road, Darya Ganje110002 a202p. :c28m(Hb)bcol.ill. aIncludes bibliographical references and index  aVaishnava music aHindustani music